000 00406nam a2200169Ia 4500
008 230524s9999 xx 000 0 und d
020 _a8173713219
082 _a535
_bCOU
100 _aJohn Countis
_910136
245 0 _aGetting A Better Job
250 _a1ST
260 _aHYDERABAD
_bUniversity Press
_c2000
300 _aVIII;75
500 _aQuantity Number: 1
650 _aEnglish
942 _cBK
999 _c14063
_d14063